| 000 | 00587nam a22001337a 4500 | ||
|---|---|---|---|
| 040 | _cRUA | ||
| 082 | _aAVM SAY 2013 B111 Or.1 | ||
| 100 | _aSAY, HEIN. | ||
| 245 | _aVillage animal health worker services in samrong district takeo province, សេវាកម្មភ្នាក់ងារសុខភាពសត្វភុមិនៅស្រុកសំរោង ខេត្តតាកែវ | ||
| 260 |
_aPhnom Penh _bRUA _c2013 |
||
| 300 |
_ax; 44p. _bill. _c29cm. |
||
| 856 | _uhttps://drive.google.com/file/d/1grS81g4mJ6STKjEP2lz5LRpUl5LvGkiK/view?usp=sharing | ||
| 942 | _cAVM | ||
| 999 |
_c2781 _d2781 |
||